| 000 | 01177nam a2200277 c 4500 | ||
|---|---|---|---|
| 999 |
_c117370 _d117370 |
||
| 003 | BLK | ||
| 005 | 20220905174420.0 | ||
| 008 | 180409b bul|||||r ||||||| ||bul|| | ||
| 010 | _aKNG00122956000 | ||
| 040 | _aBLK | ||
| 041 |
_aBUL _cBUL |
||
| 080 |
_aБългарска литература _b821.163.2 _x-93-32 _z821.163.2-93-32 |
||
| 100 | 1 |
_aАладжов, Чавдар Димитров _eпърви автор _9376513 |
|
| 139 |
_aАладжов, Чавдар Димитров _bА 46 |
||
| 245 | 1 | 0 |
_aВаля и космонавтката _bРазкази : За нач. и средна училищна възраст _cЧавдар Димитров Аладжов; худож. Борислав Владимиров Стоев. |
| 257 | _aBGR | ||
| 260 |
_aСофия _bБълг. писател _c1966 |
||
| 300 |
_a79 с. _bс ил. _c20 см |
||
| 380 | _aDX | ||
| 700 | 1 |
_aСтоев, Борислав Владимиров _eхудож. _9365108 |
|
| 852 | _aЦб 73274 | ||
| 856 | 4 | _qpdf | |
| 856 | 4 | _qpdf | |
| 942 |
_cKNG _n0 _s1 |
||
| 944 |
_aCR _c19.04.2011 _lдобави в АБ / 18.04.2011 _kГеновева_Генчева |
||
| 944 |
_aED _c19.04.2011 _lдобави в АБ / 18.04.2011 |
||
| 944 |
_aED _c2022-09-05 _kХристина Везирева |
||
| 999 | _d117370 | ||